|
|
|
|
| LEADER |
01090nam a2200289 a 4500 |
| 001 |
c000172985 |
| 003 |
CARM |
| 005 |
20040310141737.0 |
| 008 |
851119s1982 xnaa b l000 0 eng d |
| 019 |
1 |
|
|a 4055269
|5 LACONCORD2021
|
| 035 |
|
|
|a (OCoLC)216855054
|5 LACONCORD2021
|
| 040 |
|
|
|a VVUT
|b eng
|c VVUT
|
| 042 |
|
|
|a anuc
|
| 043 |
|
|
|a u-at-ne
|
| 082 |
1 |
4 |
|a 711.558099446
|2 19
|
| 110 |
1 |
|
|a Wollongong (N.S.W.).
|b Council.
|
| 245 |
1 |
0 |
|a Open space policy report, November 1982 /
|c prepared by Town Planning Dept.
|
| 260 |
|
|
|a [Wollongong :
|b City Council,
|c 1982].
|
| 300 |
|
|
|a [14], 26, [16] p. :
|b ill. ;
|c 30 cm.
|
| 500 |
|
|
|a Cover title.
|
| 500 |
|
|
|a "Adopted by Council, 13 December 1982".
|
| 504 |
|
|
|a Bibliography: p. [15]-[16]
|
| 650 |
|
0 |
|a Open spaces
|z New South Wales
|z Wollongong.
|
| 710 |
1 |
|
|a Wollongong (N.S.W.).
|b Town Planning Dept.
|
| 852 |
8 |
|
|b CARM
|h A3:AD12E0
|i D06779
|p 0165560
|f BK
|
| 999 |
f |
f |
|i 6456e16f-97f9-5039-a2f4-ee9ed1ac9cdf
|s 15717e3a-2269-510a-aa85-c6f59ef5ae4c
|
| 952 |
f |
f |
|p Can circulate
|a CAVAL
|b CAVAL
|c CAVAL
|d CARM 1 Store
|e D06779
|f A3:AD12E0
|h Other scheme
|i book
|m 0165560
|